[Event "CAN-ch U16"]
[Site "Victoria"]
[Date "2009.07.21"]
[Round "2"]
[White "Rakov, Pavel"]
[Black "Sapozhnikov, Roman"]
[Result "0-1"]
[WhiteElo "2147"]
[BlackElo "2358"]
[PlyCount "76"]
[EventDate "2009.07.21"]
[EventType "swiss"]
[EventRounds "7"]
[EventCountry "CAN"]
[SourceTitle "EXT 2011"]
[Source "ChessBase"]
[SourceDate "2010.11.26"]
[SourceVersion "1"]
[SourceVersionDate "2010.11.26"]
[SourceQuality "1"]

1. d4 Nf6 2. Nf3 g6 3. c4 Bg7 4. Nc3 0-0 5. e4 d6 6. Be2 e5 7. d5 a5 8. Bg5 h6 9. Bh4 Na6 10. Nd2 Qe8 11. 0-0 Nh7 12. Qc2 h5 13. f3 Bh6 14. Bf2 Qe7 15. Kh1 h4 16. a3 Bd7 17. Rfd1 Bf4 18. Rab1 Qg5 19. Nf1 Nf6 20. b4 axb4 21. axb4 Nh5 22. Bd3 Ng3+ 23. hxg3 hxg3 24. Bxg3 Bxg3 25. Nxg3 Qxg3 26. Kg1 Kg7 27. Qf2 Qg5 28. Ne2 Rh8 29. Ng3 Rh7 30. Nf1 Rah8 31. Qg3 Rh1+ 32. Kf2 Qe7 33. Rdc1 Ra8 34. c5 dxc5 35. Bxa6 Rxa6 36. bxc5 Ra2+ 37. Ke3 Rxf1 38. d6 Rxc1 0-1

[Event "Toronto Thanksgiving op U2100"]
[Site "Toronto"]
[Date "2008.10.11"]
[Round "1"]
[White "Armstrong, Robert J"]
[Black "Rakov, Pavel"]
[Result "0-1"]
[WhiteElo "1834"]
[BlackElo "1982"]
[PlyCount "100"]
[EventDate "2008.10.11"]
[EventType "swiss"]
[EventRounds "6"]
[EventCountry "CAN"]
[SourceTitle "EXT 2011"]
[Source "ChessBase"]
[SourceDate "2010.11.26"]
[SourceVersion "1"]
[SourceVersionDate "2010.11.26"]
[SourceQuality "1"]

1. d4 d5 2. c4 c6 3. e3 Nf6 4. Nf3 e6 5. Bd3 Nbd7 6. 0-0 dxc4 7. Bxc4 b5 8. Bd3 Bb7 9. a3 a6 10. b4 a5 11. bxa5 Rxa5 12. Bb2 Be7 13. Nbd2 Qa8 14. Qc1 0-0 15. Nb3 Ra7 16. Nc5 Rd8 17. Rd1 Nxc5 18. dxc5 Rd5 19. Bd4 Ra4 20. Ne5 Bxc5 21. Nxf7 Bxd4 22. Nh6+ gxh6 23. exd4 Qf8 24. Qe3 Bc8 25. Bc2 Ra7 26. Bb3 Rg5 27. Bxe6+ Kg7 28. Bxc8 Qxc8 29. d5 c5 30. Rac1 Qg4 31. g3 Rc7 32. d6 Rd7 33. f3 Qh5 34. Re1 Rd5 35. Rcd1 R7xd6 36. Qe7+ Qf7 37. Qxd6 Rxd6 38. Rxd6 c4 39. Kg2 c3 40. Rc6 Qd7 41. Ree6 c2 42. Rxf6 c1Q 43. Rxc1 Kxf6 44. Rb1 Qd2+ 45. Kh3 Qd3 46. Rb4 Ke7 47. Kg4 Qxa3 48. Re4+ Kf7 49. f4 b4 50. f5 b3 0-1

[Event "CAN-ch U16"]
[Site "Quebec"]
[Date "2008.07.16"]
[Round "5"]
[White "Rakov, Pavel"]
[Black "Lee, Bryan Tsz Hou"]
[Result "1-0"]
[WhiteElo "1970"]
[BlackElo "1845"]
[PlyCount "83"]
[EventDate "2008.07.14"]
[EventType "swiss"]
[EventRounds "7"]
[EventCountry "CAN"]
[SourceTitle "EXT 2011"]
[Source "ChessBase"]
[SourceDate "2010.11.26"]
[SourceVersion "1"]
[SourceVersionDate "2010.11.26"]
[SourceQuality "1"]

1. d4 Nf6 2. Nf3 g6 3. c4 Bg7 4. g3 d6 5. Bg2 0-0 6. 0-0 Nc6 7. Nc3 Bg4 8. h3 Bxf3 9. Bxf3 Nd7 10. e3 e5 11. d5 Ne7 12. e4 f5 13. Rb1 a5 14. a3 Kh8 15. Qe2 Nc8 16. b4 axb4 17. axb4 f4 18. Bg4 Rf6 19. Bd2 h5 20. Be6 Nf8 21. Bxc8 Qxc8 22. Kh2 Nh7 23. Rg1 Ng5 24. g4 h4 25. f3 Rf8 26. Ra1 Bf6 27. Rgb1 Qd7 28. Be1 Nf7 29. Bf2 g5 30. Qb2 Kh7 31. Kg2 Rfc8 32. Rxa8 Rxa8 33. Ra1 Rxa1 34. Qxa1 Qc8 35. Qa7 Kg6 36. c5 Bd8 37. c6 b6 38. Qb7 Qxb7 39. cxb7 c5 40. b8Q cxb4 41. Nb1 b3 42. Bxb6 1-0